000 00823nam a2200229 a 4500
001 000024311
005 20260401105821.0
008 110126s1959 ag r 000 0 spa d
040 _aDO-SdBNP
_bspa
_cBNPHU
082 _axxx
_bxxx
100 1 _aJeangros, Ervin,
_949885
240 1 0 _aBerufsberatung und berufswahl.
_lEspañol.
245 1 0 _aOrientación vocacional y profesional /
_cErvin Jeangros ; traducción de María Ruth R. Margrett.
260 _aBuenos Aires :
_bKapelusz,
_c1959.
300 _avi, 167 p. ;
_c20 cm.
490 1 _aMoreno
_v372
534 _aTítulo de la edición original :
_pBerufsberatung und berufswahl.
650 4 _aOrientación estudiantil
_9734
650 0 _aOrientación profesional y vocacional
_949886
650 0 _aAdministración de personal
_91581
830 0 _aMoreno ;
_v372
_949887
999 _c23804
_d23804